| 000 | 00569cam a2200181 a 4500 | ||
|---|---|---|---|
| 020 | _a069734424X | ||
| 040 | _cDLC | ||
| 082 | 0 | 0 | _a372 MCG 1998 A013 Or. |
| 100 | 1 | _aHerberholz, Donald W. | |
| 245 | 1 | 0 |
_aArtworks for elementary teachers : _bdeveloping artistic and perceptual awareness / |
| 246 | 3 | 0 | _aDeveloping artistic and perceptual awareness |
| 250 | _a8th ed. | ||
| 260 |
_aBoston, Mass. : _bMcGraw-Hill, _cc1998. |
||
| 300 |
_ax, 194 p., [24] p. of plates : _bill. (some col.) ; _c28 cm. |
||
| 650 | 0 | _aArt | |
| 700 | 1 | _aHerberholz, Barbara J. | |
| 942 | _cEK | ||
| 999 |
_c13032 _d13032 |
||